[Event "DVM U20 2020"]
[Site "Willingen GER"]
[Date "2021.06.26"]
[Round "5"]
[White "Dornieden, Jonas"]
[Black "Kasüschke, Lars"]
[Result "0-1"]
[Termination "normal"]
[Board "6.4"]
[WhiteElo "2079"]
[BlackElo "1960"]
[WhiteClock "00:00:31"]
[BlackClock "00:06:40"]
[WhiteTeam "SK Lehrte von 1919 e. V."]
[BlackTeam "SK Bebenhausen 1992"]
[PlyCount "80"]
[WhiteFideId "1336460"]
[BlackFideId "12939510"]
[EventCountry "GER"]
[EventRounds "7"]
[EventType "team-swiss"]
[EventDate "2021.06.23"]

1. d4 {[%clk 01:30:57]} {[%emt 00:00:02]} Nf6 {[%clk 01:30:47]} {[%emt
00:00:13]} 2. c4 {[%clk 01:31:21]} {[%emt 00:00:07]} e6 {[%clk 01:31:09]}
{[%emt 00:00:07]} 3. Nf3 {[%clk 01:31:45]} {[%emt 00:00:05]} d5 {[%clk
01:31:32]} {[%emt 00:00:07]} 4. Nc3 {[%clk 01:32:10]} {[%emt 00:00:06]} dxc4
{[%clk 01:31:18]} {[%emt 00:00:45]} 5. e3 {[%clk 01:32:33]} {[%emt 00:00:07]}
a6 {[%clk 01:31:34]} {[%emt 00:00:13]} 6. a4 {[%clk 01:32:57]} {[%emt
00:00:06]} c5 {[%clk 01:31:56]} {[%emt 00:00:09]} 7. Bxc4 {[%clk 01:33:19]}
{[%emt 00:00:08]} Nc6 {[%clk 01:32:00]} {[%emt 00:00:24]} 8. O-O {[%clk
01:33:42]} {[%emt 00:00:07]} Be7 {[%clk 01:32:24]} {[%emt 00:00:06]} 9. b3
{[%clk 01:33:55]} {[%emt 00:00:19]} cxd4 {[%clk 01:31:25]} {[%emt 00:01:28]}
10. exd4 {[%clk 01:34:17]} {[%emt 00:00:07]} O-O {[%clk 01:31:25]} {[%emt
00:00:30]} 11. Bb2 {[%clk 01:34:11]} {[%emt 00:00:37]} Nb4 {[%clk 01:31:33]}
{[%emt 00:00:23]} 12. Ne5 {[%clk 01:34:08]} {[%emt 00:00:32]} Bd7 {[%clk
01:24:57]} {[%emt 00:07:06]} 13. Qf3 {[%clk 01:28:03]} {[%emt 00:06:35]} Bc6
{[%clk 01:22:20]} {[%emt 00:03:07]} 14. Qh3 {[%clk 01:26:20]} {[%emt 00:02:13]}
Bd5 {[%clk 00:57:35]} {[%emt 00:25:15]} 15. Nxd5 {[%clk 01:13:39]} {[%emt
00:13:12]} Nfxd5 {[%clk 00:47:01]} {[%emt 00:11:03]} 16. f4 {[%clk 01:07:52]}
{[%emt 00:06:17]} g6 {[%clk 00:39:00]} {[%emt 00:08:31]} 17. Rf3 {[%clk
00:52:39]} {[%emt 00:15:43]} Bf6 {[%clk 00:36:39]} {[%emt 00:02:51]} 18. Raf1
{[%clk 00:48:01]} {[%emt 00:05:08]} Bg7 {[%clk 00:32:59]} {[%emt 00:04:10]} 19.
Rg3 {[%clk 00:39:54]} {[%emt 00:08:37]} b5 {[%clk 00:24:45]} {[%emt 00:08:44]}
20. Bxd5 {[%clk 00:29:49]} {[%emt 00:10:36]} Qxd5 {[%clk 00:22:24]} {[%emt
00:02:50]} 21. Qh4 {[%clk 00:14:01]} {[%emt 00:16:18]} Qd8 {[%clk 00:16:47]}
{[%emt 00:06:06]} 22. Qg4 {[%clk 00:13:03]} {[%emt 00:01:29]} Rc8 {[%clk
00:15:18]} {[%emt 00:01:58]} 23. Re3 {[%clk 00:10:01]} {[%emt 00:03:33]} Rc2
{[%clk 00:14:40]} {[%emt 00:01:06]} 24. Ba1 {[%clk 00:05:53]} {[%emt 00:04:40]}
Qd5 {[%clk 00:14:54]} {[%emt 00:00:14]} 25. Qf3 {[%clk 00:02:46]} {[%emt
00:03:40]} Rfc8 {[%clk 00:15:07]} {[%emt 00:00:16]} 26. Rd1 {[%clk 00:02:09]}
{[%emt 00:01:07]} bxa4 {[%clk 00:12:50]} {[%emt 00:02:48]} 27. bxa4 {[%clk
00:01:58]} {[%emt 00:00:42]} Qa2 {[%clk 00:12:45]} {[%emt 00:00:34]} 28. Ra3
{[%clk 00:01:36]} {[%emt 00:00:52]} Rxg2+ {[%clk 00:12:42]} {[%emt 00:00:32]}
29. Qxg2 {[%clk 00:01:43]} {[%emt 00:00:23]} Qxa3 {[%clk 00:13:10]} {[%emt
00:00:03]} 30. Qb7 {[%clk 00:01:21]} {[%emt 00:00:51]} Rf8 {[%clk 00:12:02]}
{[%emt 00:01:38]} 31. Nd7 {[%clk 00:00:52]} {[%emt 00:01:00]} Qe3+ {[%clk
00:10:54]} {[%emt 00:01:37]} 32. Kh1 {[%clk 00:01:13]} {[%emt 00:00:11]} Nd5
{[%clk 00:11:16]} {[%emt 00:00:07]} 33. Rf1 {[%clk 00:00:47]} {[%emt 00:00:56]}
Rd8 {[%clk 00:09:33]} {[%emt 00:02:12]} 34. Ne5 {[%clk 00:00:46]} {[%emt
00:00:32]} Qe4+ {[%clk 00:08:34]} {[%emt 00:01:28]} 35. Kg1 {[%clk 00:01:12]}
{[%emt 00:00:04]} Qf5 {[%clk 00:08:53]} {[%emt 00:00:10]} 36. Qxa6 {[%clk
00:00:34]} {[%emt 00:01:10]} Ne3 {[%clk 00:07:01]} {[%emt 00:02:22]} 37. Qb6
{[%clk 00:00:41]} {[%emt 00:00:24]} Bf6 {[%clk 00:07:11]} {[%emt 00:00:18]} 38.
Rf2 {[%clk 00:00:39]} {[%emt 00:00:32]} Rc8 {[%clk 00:06:22]} {[%emt 00:01:19]}
39. Qb2 {[%clk 00:00:40]} {[%emt 00:00:31]} Bxe5 {[%clk 00:06:20]} {[%emt
00:00:31]} 40. Qb7 {[%clk 00:00:31]} {[%emt 00:00:39]} Rc1+ {[%clk 00:06:40]}
{[%emt 00:00:09]} 0-1

[Event "DVM U20 2020"]
[Site "Willingen GER"]
[Date "2021.06.26"]
[Round "5"]
[White "Grimm, Ling Leander"]
[Black "Brockmeyer, Tobias"]
[Result "0-1"]
[Termination "normal"]
[Board "6.5"]
[WhiteElo "1811"]
[BlackElo "1890"]
[WhiteClock "00:01:55"]
[BlackClock "00:11:13"]
[WhiteTeam "SK Bebenhausen 1992"]
[BlackTeam "SK Lehrte von 1919 e. V."]
[PlyCount "56"]
[WhiteFideId "12968277"]
[BlackFideId "12982385"]
[EventCountry "GER"]
[EventRounds "7"]
[EventType "team-swiss"]
[EventDate "2021.06.23"]

1. e4 {[%clk 01:30:52]} {[%emt 00:00:08]} e6 {[%clk 01:30:59]} {[%emt
00:00:01]} 2. d4 {[%clk 01:30:56]} {[%emt 00:00:26]} d5 {[%clk 01:31:24]}
{[%emt 00:00:05]} 3. exd5 {[%clk 01:30:36]} {[%emt 00:00:49]} exd5 {[%clk
01:31:53]} {[%emt 00:00:02]} 4. Nf3 {[%clk 01:30:20]} {[%emt 00:00:46]} Nc6
{[%clk 01:31:14]} {[%emt 00:01:09]} 5. c4 {[%clk 01:00:28]} {[%emt 00:30:22]}
Bb4+ {[%clk 01:30:02]} {[%emt 00:01:40]} 6. Nc3 {[%clk 00:59:19]} {[%emt
00:01:40]} Nge7 {[%clk 01:30:21]} {[%emt 00:00:12]} 7. a3 {[%clk 00:52:02]}
{[%emt 00:07:47]} Bxc3+ {[%clk 01:29:25]} {[%emt 00:01:26]} 8. bxc3 {[%clk
00:52:23]} {[%emt 00:00:09]} O-O {[%clk 01:27:56]} {[%emt 00:01:59]} 9. Be2
{[%clk 00:43:47]} {[%emt 00:09:06]} dxc4 {[%clk 01:20:48]} {[%emt 00:07:39]}
10. Bxc4 {[%clk 00:42:08]} {[%emt 00:02:09]} Re8 {[%clk 01:18:35]} {[%emt
00:02:42]} 11. O-O {[%clk 00:35:51]} {[%emt 00:06:46]} Nd5 {[%clk 01:12:52]}
{[%emt 00:06:14]} 12. Qc2 {[%clk 00:33:29]} {[%emt 00:02:51]} Bg4 {[%clk
01:05:00]} {[%emt 00:08:23]} 13. Ng5 {[%clk 00:18:32]} {[%emt 00:15:27]} g6
{[%clk 01:00:10]} {[%emt 00:05:21]} 14. Qd3 {[%clk 00:08:03]} {[%emt 00:10:59]}
Na5 {[%clk 00:36:50]} {[%emt 00:23:50]} 15. Ba2 {[%clk 00:07:08]} {[%emt
00:01:24]} Be2 {[%clk 00:32:04]} {[%emt 00:05:16]} 16. Qh3 {[%clk 00:04:29]}
{[%emt 00:03:09]} h5 {[%clk 00:31:53]} {[%emt 00:00:41]} 17. Be3 {[%clk
00:03:21]} {[%emt 00:01:38]} c6 {[%clk 00:24:59]} {[%emt 00:07:24]} 18. Rfe1
{[%clk 00:02:22]} {[%emt 00:01:30]} Bc4 {[%clk 00:21:34]} {[%emt 00:03:55]} 19.
g4 {[%clk 00:01:27]} {[%emt 00:01:25]} Nxe3 {[%clk 00:18:52]} {[%emt 00:03:11]}
20. Rxe3 {[%clk 00:01:25]} {[%emt 00:00:32]} Qxg5 {[%clk 00:17:49]} {[%emt
00:01:33]} 21. Rg3 {[%clk 00:01:08]} {[%emt 00:00:47]} h4 {[%clk 00:15:08]}
{[%emt 00:03:12]} 22. f4 {[%clk 00:01:14]} {[%emt 00:00:23]} Qxf4 {[%clk
00:11:24]} {[%emt 00:04:14]} 23. Rf3 {[%clk 00:01:20]} {[%emt 00:00:25]} Qg5
{[%clk 00:10:33]} {[%emt 00:01:21]} 24. Bxc4 {[%clk 00:00:36]} {[%emt
00:01:14]} Nxc4 {[%clk 00:10:53]} {[%emt 00:00:09]} 25. Qf1 {[%clk 00:00:57]}
{[%emt 00:00:09]} Nd2 {[%clk 00:10:09]} {[%emt 00:01:15]} 26. Qg2 {[%clk
00:01:07]} {[%emt 00:00:20]} Nxf3+ {[%clk 00:10:23]} {[%emt 00:00:16]} 27. Qxf3
{[%clk 00:01:30]} {[%emt 00:00:06]} Qe3+ {[%clk 00:10:47]} {[%emt 00:00:06]}
28. Qxe3 {[%clk 00:01:55]} {[%emt 00:00:05]} Rxe3 {[%clk 00:11:13]} {[%emt
00:00:04]} 0-1

[Event "DVM U20 2020"]
[Site "Willingen GER"]
[Date "2021.06.26"]
[Round "5"]
[White "Niemann, Leon"]
[Black "Taras, Simon"]
[Result "1-0"]
[Termination "normal"]
[Board "6.6"]
[WhiteElo "1838"]
[BlackElo "1690"]
[WhiteClock "00:15:10"]
[BlackClock "00:27:43"]
[WhiteTeam "SK Lehrte von 1919 e. V."]
[BlackTeam "SK Bebenhausen 1992"]
[PlyCount "101"]
[WhiteFideId "16218388"]
[BlackFideId "12970972"]
[EventCountry "GER"]
[EventRounds "7"]
[EventType "team-swiss"]
[EventDate "2021.06.23"]

1. e4 {[%clk 01:30:58]} {[%emt 00:00:02]} e6 {[%clk 01:30:48]} {[%emt
00:00:11]} 2. d4 {[%clk 01:31:25]} {[%emt 00:00:05]} d5 {[%clk 01:31:12]}
{[%emt 00:00:06]} 3. exd5 {[%clk 01:31:53]} {[%emt 00:00:03]} exd5 {[%clk
01:31:32]} {[%emt 00:00:09]} 4. Nc3 {[%clk 01:32:20]} {[%emt 00:00:03]} Bb4
{[%clk 01:29:02]} {[%emt 00:02:59]} 5. Bd3 {[%clk 01:29:32]} {[%emt 00:03:19]}
Nc6 {[%clk 01:25:32]} {[%emt 00:03:59]} 6. a3 {[%clk 01:26:18]} {[%emt
00:03:45]} Ba5 {[%clk 01:21:54]} {[%emt 00:04:07]} 7. Nge2 {[%clk 01:19:43]}
{[%emt 00:07:06]} Nf6 {[%clk 01:13:49]} {[%emt 00:08:33]} 8. O-O {[%clk
01:16:31]} {[%emt 00:03:44]} Be6 {[%clk 01:08:19]} {[%emt 00:05:58]} 9. Bg5
{[%clk 01:09:44]} {[%emt 00:07:18]} h6 {[%clk 01:03:57]} {[%emt 00:04:52]} 10.
Bh4 {[%clk 01:03:28]} {[%emt 00:06:47]} g5 {[%clk 00:59:05]} {[%emt 00:05:21]}
11. Bg3 {[%clk 01:03:50]} {[%emt 00:00:09]} Qd7 {[%clk 00:57:23]} {[%emt
00:02:10]} 12. b4 {[%clk 00:55:50]} {[%emt 00:08:32]} Bb6 {[%clk 00:57:35]}
{[%emt 00:00:17]} 13. Bb5 {[%clk 00:56:01]} {[%emt 00:00:20]} Nh5 {[%clk
00:50:40]} {[%emt 00:07:24]} 14. Na4 {[%clk 00:47:56]} {[%emt 00:08:36]} Nxg3
{[%clk 00:44:10]} {[%emt 00:06:59]} 15. Nxg3 {[%clk 00:45:21]} {[%emt
00:03:06]} O-O-O {[%clk 00:39:55]} {[%emt 00:04:42]} 16. Nc5 {[%clk 00:41:06]}
{[%emt 00:04:48]} Bxc5 {[%clk 00:38:37]} {[%emt 00:01:49]} 17. bxc5 {[%clk
00:39:56]} {[%emt 00:01:39]} h5 {[%clk 00:35:27]} {[%emt 00:03:39]} 18. c3
{[%clk 00:34:26]} {[%emt 00:06:01]} h4 {[%clk 00:33:42]} {[%emt 00:02:14]} 19.
Ne2 {[%clk 00:32:41]} {[%emt 00:02:16]} f5 {[%clk 00:07:04]} {[%emt 00:27:07]}
20. Qa4 {[%clk 00:25:04]} {[%emt 00:08:08]} f4 {[%clk 00:05:59]} {[%emt
00:01:35]} 21. Rab1 {[%clk 00:15:00]} {[%emt 00:10:35]} f3 {[%clk 00:02:27]}
{[%emt 00:04:00]} 22. Ba6 {[%clk 00:11:46]} {[%emt 00:03:45]} Rdf8 {[%clk
00:01:49]} {[%emt 00:01:08]} 23. Bxb7+ {[%clk 00:09:37]} {[%emt 00:02:40]} Kd8
{[%clk 00:02:09]} {[%emt 00:00:09]} 24. Bxc6 {[%clk 00:09:38]} {[%emt
00:00:30]} Qf7 {[%clk 00:01:00]} {[%emt 00:01:37]} 25. Qxa7 {[%clk 00:03:44]}
{[%emt 00:06:25]} fxe2 {[%clk 00:00:48]} {[%emt 00:00:42]} 26. Rb8+ {[%clk
00:04:04]} {[%emt 00:00:10]} Ke7 {[%clk 00:00:40]} {[%emt 00:00:38]} 27. Qxc7+
{[%clk 00:04:07]} {[%emt 00:00:27]} Kf6 {[%clk 00:01:01]} {[%emt 00:00:09]} 28.
Qxf7+ {[%clk 00:03:18]} {[%emt 00:01:19]} Bxf7 {[%clk 00:00:59]} {[%emt
00:00:32]} 29. Rb6 {[%clk 00:02:25]} {[%emt 00:01:24]} exf1=Q+ {[%clk
00:01:10]} {[%emt 00:00:19]} 30. Kxf1 {[%clk 00:02:48]} {[%emt 00:00:07]} Rb8
{[%clk 00:01:01]} {[%emt 00:00:38]} 31. Bb7+ {[%clk 00:02:59]} {[%emt
00:00:19]} Kf5 {[%clk 00:00:49]} {[%emt 00:00:41]} 32. a4 {[%clk 00:01:48]}
{[%emt 00:01:42]} Be6 {[%clk 00:00:41]} {[%emt 00:00:39]} 33. a5 {[%clk
00:01:43]} {[%emt 00:00:34]} Bc8 {[%clk 00:00:45]} {[%emt 00:00:26]} 34. a6
{[%clk 00:00:55]} {[%emt 00:01:19]} Bxb7 {[%clk 00:00:38]} {[%emt 00:00:37]}
35. axb7 {[%clk 00:01:14]} {[%emt 00:00:11]} Rh7 {[%clk 00:01:00]} {[%emt
00:00:07]} 36. c6 {[%clk 00:01:30]} {[%emt 00:00:14]} Rc7 {[%clk 00:01:29]}
{[%emt 00:00:02]} 37. Ra6 {[%clk 00:01:31]} {[%emt 00:00:29]} Ke4 {[%clk
00:00:32]} {[%emt 00:01:27]} 38. Ke2 {[%clk 00:00:38]} {[%emt 00:01:22]} Re7
{[%clk 00:00:34]} {[%emt 00:00:29]} 39. Ra8 {[%clk 00:00:35]} {[%emt 00:00:34]}
Kf5+ {[%clk 00:00:34]} {[%emt 00:00:29]} 40. Kd3 {[%clk 00:00:38]} {[%emt
00:00:26]} Rexb7 {[%clk 00:00:32]} {[%emt 00:00:31]} 41. cxb7 {[%clk 00:00:54]}
{[%emt 00:00:15]} Rxb7 {[%clk 00:00:47]} {[%emt 00:00:15]} 42. Ra5 {[%clk
00:19:37]} {[%emt 00:11:47]} Ke6 {[%clk 00:30:25]} {[%emt 00:00:51]} 43. Ra6+
{[%clk 00:18:47]} {[%emt 00:01:22]} Kf7 {[%clk 00:29:21]} {[%emt 00:01:31]} 44.
h3 {[%clk 00:15:40]} {[%emt 00:03:39]} Rb2 {[%clk 00:29:06]} {[%emt 00:00:45]}
45. Ke3 {[%clk 00:15:59]} {[%emt 00:00:11]} Rc2 {[%clk 00:26:37]} {[%emt
00:03:00]} 46. Rc6 {[%clk 00:16:13]} {[%emt 00:00:15]} Ke7 {[%clk 00:26:53]}
{[%emt 00:00:14]} 47. Kf3 {[%clk 00:15:49]} {[%emt 00:00:55]} Kd7 {[%clk
00:27:16]} {[%emt 00:00:06]} 48. Rc5 {[%clk 00:15:28]} {[%emt 00:00:51]} Ke6
{[%clk 00:27:38]} {[%emt 00:00:07]} 49. g3 {[%clk 00:14:57]} {[%emt 00:01:02]}
g4+ {[%clk 00:27:30]} {[%emt 00:00:37]} 50. Kxg4 {[%clk 00:14:43]} {[%emt
00:00:44]} Rxf2 {[%clk 00:27:43]} {[%emt 00:00:17]} 51. Kxh4 {[%clk 00:15:10]}
{[%emt 00:00:04]} 1-0

[Event "DVM U20 2020"]
[Site "Willingen GER"]
[Date "2021.06.26"]
[Round "5"]
[White "Knüdel, Torben"]
[Black "Ortmeier, Leonhard"]
[Result "1-0"]
[Termination "normal"]
[Board "7.1"]
[BlackTitle "FM"]
[WhiteElo "2204"]
[BlackElo "2290"]
[WhiteClock "00:10:16"]
[BlackClock "00:00:41"]
[WhiteTeam "Post SV Uelzen"]
[BlackTeam "Schachklub Münster 32 e. V."]
[PlyCount "61"]
[WhiteFideId "16208820"]
[BlackFideId "12993662"]
[EventCountry "GER"]
[EventRounds "7"]
[EventType "team-swiss"]
[EventDate "2021.06.23"]

1. e4 {[%clk 01:30:52]} {[%emt 00:00:02]} c5 {[%clk 01:29:46]} {[%emt
00:01:21]} 2. Nf3 {[%clk 01:31:18]} {[%emt 00:00:04]} d6 {[%clk 01:28:50]}
{[%emt 00:01:25]} 3. d4 {[%clk 01:31:00]} {[%emt 00:00:48]} cxd4 {[%clk
01:29:07]} {[%emt 00:00:12]} 4. Nxd4 {[%clk 01:31:26]} {[%emt 00:00:05]} Nf6
{[%clk 01:29:22]} {[%emt 00:00:16]} 5. Nc3 {[%clk 01:31:53]} {[%emt 00:00:03]}
a6 {[%clk 01:29:37]} {[%emt 00:00:14]} 6. a3 {[%clk 01:32:20]} {[%emt
00:00:04]} e5 {[%clk 01:27:49]} {[%emt 00:02:18]} 7. Nf5 {[%clk 01:32:41]}
{[%emt 00:00:08]} d5 {[%clk 01:24:19]} {[%emt 00:04:00]} 8. Bg5 {[%clk
01:32:41]} {[%emt 00:00:30]} d4 {[%clk 01:23:30]} {[%emt 00:01:20]} 9. Bxf6
{[%clk 01:33:03]} {[%emt 00:00:08]} Qxf6 {[%clk 01:11:27]} {[%emt 00:12:33]}
10. Nd5 {[%clk 01:33:28]} {[%emt 00:00:04]} Qd8 {[%clk 01:05:40]} {[%emt
00:06:15]} 11. Qg4 {[%clk 01:30:23]} {[%emt 00:03:37]} g6 {[%clk 00:57:02]}
{[%emt 00:09:08]} 12. Qg3 {[%clk 01:30:49]} {[%emt 00:00:05]} Nc6 {[%clk
00:54:53]} {[%emt 00:02:38]} 13. Nxd4 {[%clk 01:30:58]} {[%emt 00:00:22]} exd4
{[%clk 00:51:54]} {[%emt 00:03:28]} 14. Nc7+ {[%clk 01:31:17]} {[%emt
00:00:11]} Kd7 {[%clk 00:48:16]} {[%emt 00:04:06]} 15. Nxa8 {[%clk 01:31:34]}
{[%emt 00:00:15]} Qa5+ {[%clk 00:47:26]} {[%emt 00:01:20]} 16. Kd1 {[%clk
01:29:14]} {[%emt 00:02:50]} b5 {[%clk 00:42:54]} {[%emt 00:05:01]} 17. Qg5
{[%clk 01:11:11]} {[%emt 00:18:31]} Bb7 {[%clk 00:32:52]} {[%emt 00:10:35]} 18.
Qf6 {[%clk 01:01:18]} {[%emt 00:10:23]} Rg8 {[%clk 00:26:32]} {[%emt 00:06:50]}
19. Qxf7+ {[%clk 01:00:50]} {[%emt 00:00:59]} Ne7 {[%clk 00:26:45]} {[%emt
00:00:16]} 20. b4 {[%clk 01:00:47]} {[%emt 00:00:34]} Qd8 {[%clk 00:26:31]}
{[%emt 00:00:43]} 21. a4 {[%clk 00:58:32]} {[%emt 00:02:46]} bxa4 {[%clk
00:24:16]} {[%emt 00:02:44]} 22. Rxa4 {[%clk 00:56:56]} {[%emt 00:02:06]} Qxa8
{[%clk 00:17:15]} {[%emt 00:07:31]} 23. b5 {[%clk 00:56:35]} {[%emt 00:00:51]}
Bg7 {[%clk 00:15:18]} {[%emt 00:02:26]} 24. Bc4 {[%clk 00:48:06]} {[%emt
00:08:59]} Qb8 {[%clk 00:12:37]} {[%emt 00:03:10]} 25. Qe6+ {[%clk 00:39:55]}
{[%emt 00:08:42]} Kd8 {[%clk 00:12:24]} {[%emt 00:00:43]} 26. bxa6 {[%clk
00:12:27]} {[%emt 00:27:59]} Bxa6 {[%clk 00:03:49]} {[%emt 00:09:04]} 27. Rxa6
{[%clk 00:10:18]} {[%emt 00:02:40]} Qb1+ {[%clk 00:02:41]} {[%emt 00:01:37]}
28. Kd2 {[%clk 00:10:32]} {[%emt 00:00:16]} Qb4+ {[%clk 00:01:25]} {[%emt
00:01:47]} 29. Ke2 {[%clk 00:10:42]} {[%emt 00:00:20]} d3+ {[%clk 00:00:35]}
{[%emt 00:01:20]} 30. Bxd3 {[%clk 00:10:58]} {[%emt 00:00:14]} Bh6 {[%clk
00:00:41]} {[%emt 00:00:23]} 31. Qb6+ {[%clk 00:10:16]} {[%emt 00:01:12]} 1-0